| 000 | 00398nam a2200169Ia 4500 | ||
|---|---|---|---|
| 008 | 160319s9999 xx 000 0 und d | ||
| 020 | _a0-721440134 | ||
| 050 | _aFic | ||
| 050 | _b.D612 | ||
| 245 | _aCinderella / | ||
| 260 | _aNew York : | ||
| 260 | _bDisney Press, | ||
| 650 | _aChildren's stories, American. | ||
| 650 | _aFairy tales. | ||
| 650 | _aPrincesses -- | ||
| 650 | _xFiction. | ||
| 999 |
_c292067 _d292067 |
||